000 00758nam a2200217Ia 4500
003 CO-CtgCURN
005 20250407183058.0
008 190722s2002 xx 000 0 spa d
020 _a9586904121
040 _aCO-CtgCURN
_bspa
_ccoctgcurn
082 _a342.861
_bM843
100 _aMoreno Millan, Franklin
_eautor
_94934
245 0 _aLa jurisprudencia constitucional como fuente del derecho /
_cFranklin Moreno Millan
260 _aBogotá, Colombia :
_bLeyer,
_c2002
300 _a191 páginas ;
_c20 centímetros
521 _aAREA PROFESIONAL
590 _aPrograma de Derecho_18
650 _aDerecho constitucional
_94935
942 _cBK
_h342.861
_iM843
_2ddc
_n0
999 _c28530
_d28530